000 00713cam a22002411a 4500
001 ne 68001003
003 DLC
005 20260227111839.0
008 830608s1946 ti ab 000 0 ara
010 _ane 68001003
035 _a(OCoLC)9590309
040 _aDLC
_cCLU
_dCLU
_dDLC
042 _apremarc
043 _ae-it---
050 0 0 _aDG867.11
_b.M3
100 1 _aMadanī, Aḥmad Tawfīq.
245 1 3 _aal-Muslimūn fī Jazīrat Siqilliyah wa-janūb Iṭāliyā /
_cAḥmad Tawfīq al-Madanī.
260 _aTūnis :
_bMaktabat al-Istiqāmah,
_c1946.
300 _a284 p. :
_bill., maps ;
_c23 cm.
504 _aBibliography: p. 255-256.
650 0 _aArabs
_zItaly
_zSicily.
650 0 _aArabs
_zItaly.
999 _c50215
_d50215